000 01138nam a2200253 a 4500
001 000017769
003 DO-SdBNP
005 20240530073934.0
008 100331t1985 dr 001 0dspa d
040 _aDO-SdBNP
_bspa
_cBNPHU
082 4 _aRD864.44
_bL296s
_222
100 1 _aLantigua, José Rafael,
_d1949-
_91438
245 1 0 _aSemblanzas del corazón /
_cJosé Rafael Lantigua ; prólogo Adriano Miguel Tejada.
260 _aSanto Domingo :
_bTaller,
_c1985.
300 _a88 p. ;
_c22 cm.
505 0 _tNota del autor --
_tEsta va del alma. Prólogo /
_rAdriano Miguel Tejeda --
_tMoldeando la arcilla --
_tMagisterios fecundos --
_tLa amistad en tres visiones --
_tLas generaciones precedentes --
_tTres mujeres de ayer y de hoy --
_tDos testimonios en el recuerdo --
650 0 _aEnsayos dominicanos
_965
650 4 _aAutores dominicanos
_xCorrespondencias, memorias, etc.
_920987
650 0 _aLiteratura dominicana.
_967
651 4 _aMoca (República Dominicana)
_xVida social y costumbres
_920012
700 1 _aTejada, Adriano Miguel
_d1948-2020
_epról.
_98560
910 _aValidado. Control de calidad EMS.
942 _2ddc
_cLBS1
999 _c17294
_d17294